|
|
|
|
| LEADER |
01310nam a2200253 a 4500 |
| 008 |
100315s1995 njua b 001 0 eng d |
| 040 |
|
|
|a BD-DhAAL
|c BD-DhAAL
|
| 082 |
0 |
0 |
|a 305.5/69/0954
|2 20
|
| 245 |
1 |
0 |
|a Poverty, productivity and participation :
|b an analysis of some recent Asian experiences /
|c United Nations Economic and Social Commission for Asia and the Pacific.
|
| 260 |
|
|
|a Bangkok :
|b The Commission,
|c 1982.
|
| 300 |
|
|
|a iii, 120 p. ;
|c 26 cm.
|
| 500 |
|
|
|a "Includes ... case studies ... from Bangladesh, India, Indonesia, Pakistan, and the Philippines"--P. iii.
|
| 504 |
|
|
|a Includes bibliographical references.
|
| 541 |
1 |
|
|e 00000297
|
| 650 |
|
0 |
|a Rural poor
|z South Asia
|x Case studies.
|
| 650 |
|
0 |
|a Rural poor
|z Indonesia
|x Case studies.
|
| 650 |
|
0 |
|a Rural poor
|z Philippines.
|
| 650 |
|
0 |
|a South Asia
|x Economic policy
|x Case studies.
|
| 650 |
|
0 |
|a Indonesia
|x Economic policy
|x Case studies.
|
| 651 |
|
0 |
|a Philippines
|x Economic policy.
|
| 710 |
2 |
|
|a United Nations.
|b Economic and Social Commission for Asia and the Pacific.
|
| 852 |
4 |
|
|a Ayesha Abed Library
|j General Shelf
|
| 999 |
|
|
|c 7773
|d 7773
|
| 952 |
|
|
|0 0
|1 0
|2 ddc
|4 0
|6 305_569095400000000_POV_1982
|7 0
|9 8605
|a BRACUL
|b BRACUL
|c GEN
|d 2010-03-16
|g 0.00
|l 0
|o 305.5690954 POV
|p 3010000297
|r 2010-03-16
|t 1
|w 2010-03-16
|y BK
|z Not price in Register
|x Not price in Register
|